Can You Name Every Amusement Park In North America? - Statistics

General Stats
  • This quiz has been taken 113 times
  • The average score is 42 of 167
Answer Stats
State Park % Correct
Ohio Cedar Point
82%
California Disneyland
80%
California Six Flags Magic Mountain
77%
Texas Six Flags Over Texas
77%
Pennsylvania Hersheypark
76%
New Jersey Six Flags Great Adventure
74%
Tennessee Dollywood
70%
Ohio Kings Island
70%
North/South Carolina Carowinds
69%
Virginia Kings Dominion
69%
California Knott's Berry Farm
69%
Georgia Six Flags Over Georgia
69%
Florida Busch Gardens Tampa
68%
Illinois Six Flags Great America
68%
Florida EPCOT
66%
Texas Six Flags Fiesta Texas
66%
Virginia Busch Gardens Williamsburg
64%
Canada Canada's Wonderland
64%
Massachusetts Six Flags New England
62%
Florida Magic Kingdom
61%
Missouri Six Flags St Louis
61%
Texas Seaworld San Antonio
59%
Pennsylvania Dorney Park
58%
Florida Seaworld Orlando
58%
Missouri Silver Dollar City
58%
California Seaworld San Diego
57%
Maryland Six Flags America
57%
Mexico Six Flags Mexico
57%
Florida Animal Kingdom
55%
California Six Flags Discovery Kingdom
55%
Florida Universal Studios Orlando
55%
Pennsylvania Kennywood
54%
Kentucky Kentucky Kingdom
53%
California Universal Studios Hollywood
51%
Florida Hollywood Studios
50%
Michigan Michigan's Adventure
50%
Utah Lagoon
49%
Minnesota Valleyfair
49%
California California's Great America
47%
Florida Islands of Adventure
47%
Canada La Ronde
47%
Missouri Worlds of Fun
47%
Oklahoma Frontier City
46%
Indiana Holiday World
46%
New York Six Flags Darien Lake
45%
Pennsylvania Knoebels
41%
Indiana Indiana Beach
39%
Idaho Silverwood
39%
Florida Fun Spot Kissimmee
38%
New York Great Escape
38%
Minnesota | New Jersey Nickelodeon Universe
36%
Connecticut Lake Compounce
35%
Iowa | New York Adventureland
34%
Georgia Fun Spot Atlanta
34%
Florida Fun Spot Orlando
34%
California California Adventure
32%
New York Luna Park
32%
Colorado Elitch Gardens
31%
Colorado Glennwood Caverns
30%
Florida Legoland Florida
30%
California | Pennsylvania Sesame Place
30%
California Legoland California
27%
New Jersey Morey's Piers
24%
Wisconsin Mt Olympus
23%
Pennsylvania Waldameer
23%
Georgia Wild Adventures
23%
Nevada Adventuredome
22%
California Gilroy Gardens
20%
Iowa Lost Island
20%
Arkansas Magic Springs
19%
Canada | New York Playland
19%
Kentucky Beech Bend
18%
Arizona Castles n Coasters
18%
Canada Marineland
18%
Alabama Alabama Adventure
16%
Pennsylvania Dutch Wonderland
16%
New York Legoland New York
15%
New Hampshire Canobie Lake Park
14%
New Jersey Casino Pier
14%
Colorado Lakeside
14%
California Santa Cruz Beach Boardwalk
14%
Texas Wonderland
14%
Wisconsin Little Amerricka
12%
New Hampshire Story Land
12%
Texas ZDT's Amusement Park
12%
West Virginia Camden Park
11%
New Mexico Cliff's Amusement Park
11%
New York Deno's Wonder Wheel
11%
Canada Galaxyland
11%
Texas Kemah Boardwalk
11%
California Santa Monica Pier
11%
Nevada Buffalo Bills
9%
Maine Funtown Splashtown USA
9%
Nevada New York New York
9%
New Jersey Playland's Castaway Cove
9%
Washington Wild Waves
9%
Wisconsin Bay Beach
8%
Texas Cotaland
8%
Oregon Enchanted Forest
8%
Pennsylvania Idlewild
8%
New York Seabreeze
8%
Washington Washington State Fair
8%
Iowa Arnold's Park
7%
South Carolina Family Kingdom
7%
Pennsylvania Lakemont Park
7%
Maine Palace Playland
7%
Connecticut Quassy
7%
Canada | New Hampshire Santa's Village
7%
New Jersey Storybook Land
7%
Ohio Strickers Grove
7%
Maryland Adventure Park USA
5%
Pennsylvania Conneaut Lake Park
5%
Maryland Jolly Roger Amusement Park
5%
Costa Rica Parque Diversiones
5%
Alabama Tropic Falls
5%
California Belmont Park
4%
Louisiana Blue Bayou Dixie Landin
4%
Ohio Columbus Zoo
4%
Pennsylvania Delgrosso's
4%
Texas Joyland
4%
Arizona Mattel Adventure Park
4%
New York Niagara Amusement Park
4%
Mexico Parque de Diversiones
4%
Mexico Selva Magica
4%
New Jersey Steel Pier
4%
Texas Tomfoolerys
4%
New Mexico Western Playland
4%
California Adventure City
3%
Mississippi Big Play Entertainment Center
3%
California Castle Park
3%
Michigan Cedar Valley
3%
New Jersey Clementon Park
3%
Texas Galveston Pier
3%
Mexico Kataplum
3%
Oregon Oaks Park
3%
Maryland Trimper Rides
3%
Texas Yesterland Farm
3%
Canada Calaway Park
1%
Massachusetts Edaville
1%
Illinois Grady's Family Fun Park
1%
New Jersey Jenkinson's Boardwalk
1%
Georgia Lake Winnepesaukah
1%
New Jersey Land of Make Believe
1%
California Live Oak Canyon Farm
1%
Mexico Mundo Divertido
1%
Guatemala Mundo Petapa
1%
Mexico Parque Bicentenario
1%
Mexico Parque Fiesta Aventuras
1%
Mexico Parque Los Valentinos
1%
Florida Uncle Bernie's Theme Park
1%
Guatemala Xetulul
1%
Kansas All Star Adventures
0%
Michigan CJ Berrymore
0%
Canada Cultus Lake
0%
North Carolina Deadwood
0%
New Jersey Keansburg
0%
Canada Mega Parc
0%
Mexico Parque de Diversiones Quiqueland
0%
Mexico Parque De La Silva
0%
Canada Pays des Merveilles
0%
Canada Sandspit Cavendish Beach
0%
Florida Splash City Adventure
0%
No matching quizzes found
Score Distribution
Percent of People with Each Score
Percentile by Number Answered
Your Score History
You have not taken this quiz